00365nam a22000857a 4500008004100000082001600041245014300057260007100200300000800271230607b xxu||||| |||| 00| 0 eng d a342.02bCON aThe Preliminary Report of the Committee of Experts on Constitutional Review Issued on the Publication of the Harmonized Draft Constitution aNairobi,KenyabCommittee of Experts on Constitutional Reviewc2009 a98p